| 000 | 01130nam a22001697a 4500 | ||
|---|---|---|---|
| 005 | 20220218145937.0 | ||
| 008 | 220218b ||||| |||| 00| 0 eng d | ||
| 020 | _a9780901787033 | ||
| 050 | _aDT30 .N45 | ||
| 100 | _9Nkrumah, Kwame, | ||
| 245 |
_aAfrica must unite. / _cKwame Nkrumah |
||
| 260 |
_aNew York, _bPanaf Books, _c2007. |
||
| 300 |
_axvii, 229 p. _c21 cm |
||
| 500 | _aIncludes bibliographical references and index. | ||
| 505 | _aContents: Introduction -- The African background -- The colonial imprint -- Colonial pattern of economics -- Society under colonialism -- The intellectual vanguard -- Freedom first -- Achieving our sovereignty -- Problems of government -- Bringing unity in Ghana -- Our Ghanaian constitution -- The administrative instrument -- Reconstruction and development -- Towards economic independence -- Building socialism in Ghana -- Towards African unity -- Some attempts at unification -- Economic and political integration: Africa's need -- Neo-colonialism in Africa -- Africa in world affairs -- Examples of major unions of states -- Continental government for Africa. | ||
| 942 |
_2lcc _cBK |
||
| 999 |
_c8728 _d16228 |
||